Central Library OPAC University of Rajshahi

Introduction to science-information work / (Record no. 61366)

MARC details
000 -LEADER
fixed length control field 00728nam a2200265 a 4500
001 - CONTROL NUMBER
control field 61366
003 - CONTROL NUMBER IDENTIFIER
rucl marc code BD-RjUL
005 - DATE AND TIME OF LATEST TRANSACTION
control field 20211209080943.0
008 - FIXED-LENGTH DATA ELEMENTS--GENERAL INFORMATION
fixed length control field 170117s1971 enk 001 0 eng d
020 ## - INTERNATIONAL STANDARD BOOK NUMBER
Canceled/invalid ISBN 851420338
International Standard Book Number 0851420338
035 ## - SYSTEM CONTROL NUMBER
System control number (BD-RjUL)61490
040 ## - CATALOGING SOURCE
Original cataloging agency BD-RjUL
Language of cataloging eng
Transcribing agency BD-RjUL
041 ## - LANGUAGE CODE
Language code of text/sound track or separate title eng
082 ## - DEWEY DECIMAL CLASSIFICATION NUMBER
Classification number 026.5
Author mark and year HAI 1971
100 1# - MAIN ENTRY--PERSONAL NAME
Personal name Hanson, C. W.
9 (RLIN) 182986
245 10 - TITLE STATEMENT
Title Introduction to science-information work /
Statement of responsibility, etc. C. W. Hanson
260 ## - PUBLICATION, DISTRIBUTION, ETC. (IMPRINT)
Place of publication, distribution, etc. London :
Name of publisher, distributor, etc. Aslib,
Date of publication, distribution, etc. c1971
300 ## - PHYSICAL DESCRIPTION
Pagination 199 p. :
Illustrations ill. ;
Size 23 cm
500 ## - GENERAL NOTE
General note Includes index
650 #0 - SUBJECT ADDED ENTRY--TOPICAL TERM
Topical term or geographic name as entry element Communication in science.
9 (RLIN) 182987
Topical term or geographic name as entry element Documentation
9 (RLIN) 182988
Topical term or geographic name as entry element Information science
9 (RLIN) 171049
942 ## - ADDED ENTRY ELEMENTS (KOHA)
Source of classification or shelving scheme Dewey Decimal Classification
Koha item type Books
Holdings
Lost status Source of classification or shelving scheme Damaged status Not for loan Collection code Permanent Location Current Location Shelving location Date acquired Source of acquisition Total Checkouts Full call number Date last seen Copy number Koha item type
  Dewey Decimal Classification   Not For Loan Non-fiction Central Library, University of Rajshahi Central Library, University of Rajshahi Reading Room 20/09/1997 British council   026.5 HAI 1971 17/01/2017 C-1 Books